000 01039nam a22003135 4500
001 Mimo0002244199
003 SpMaBN
005 20210826104809.0
008 920310s1992 sp spa
016 7 _abimoBNE19920276386
_2SpMaBN
017 _aB 731-1992
_bOficina Depósito Legal Barcelona
020 _a8476583281
035 _a(OCoLC)434321332
040 _aSpMaBN
_cIUNIR
080 _a316.6
245 0 0 _aTeoría y método en psicología social
_h[Texto impreso]
_cDarío Páez... [et al.] ; introducción de Tomás Ibáñez
250 _a[1ª ed.]
260 _aBarcelona
_bAnthropos
_c1992
300 _a431 p.
_c20 cm
440 0 _aAutores, textos y temas.
_pPsicología
_v17
650 7 _aPsicología social
_2embne
_9439
650 7 _aPsicologia
_9108
700 1 _aPáez, Darío
942 _2cdu
_cBK
956 _a1 2
980 _aB 731-1992
_a84-7658-328-1
_aM-BN
_bBNMADRID
_j9/5869
_cSG_RECOLET
980 _aB 731-1992
_aM-BN
_bBNALCALA
_jAHM/110220
_cSALA_ALC
980 _aM-BN
_bBNALCALA
_jDL/433883
_cCONSERVACI
999 _c5264
_d5264